| 000 | 01371nam a22003614a 4500 | ||
|---|---|---|---|
| 001 | ebr10307458 | ||
| 003 | CaPaEBR | ||
| 006 | m u | ||
| 007 | cr cn||||||||| | ||
| 008 | 070917s2008 enka sb 001 0 eng | ||
| 010 | _z 2007038357 | ||
| 016 | 7 |
_z101316727 _2DNLM |
|
| 020 | _z9781405136570 (pbk. : alk. paper) | ||
| 040 |
_aCaPaEBR _cCaPaEBR |
||
| 035 | _a(OCoLC)434421380 | ||
| 050 | 1 | 4 |
_aR733 _b.Z65 2008eb |
| 082 | 0 | 4 |
_a610 _222 |
| 245 | 0 | 0 |
_aABC of complementary medicine _h[electronic resource] / _cedited by Catherine Zollman, Andrew Vickers, Janet Richardson. |
| 250 | _a2nd ed. | ||
| 260 |
_aOxford ; _aHoboken, NJ : _bWiley-Blackwell Pub./BMJ Books, _c2008. |
||
| 300 |
_a58 p. : _bcol. ill. |
||
| 490 | 1 | _aABC series | |
| 504 | _aIncludes bibliographical references and index. | ||
| 533 |
_aElectronic reproduction. _bPalo Alto, Calif. : _cebrary, _d2013. _nAvailable via World Wide Web. _nAccess may be limited to ebrary affiliated libraries. |
||
| 650 | 0 | _aAlternative medicine. | |
| 655 | 7 |
_aElectronic books. _2local |
|
| 700 | 1 | _aZollman, Catherine. | |
| 700 | 1 |
_aRichardson, Janet, _cDr. |
|
| 700 | 1 | _aVickers, Andrew. | |
| 710 | 2 | _aebrary, Inc. | |
| 830 | 0 | _aABC series (Malden, Mass.) | |
| 856 | 4 | 0 |
_uhttp://site.ebrary.com/lib/rucke/Doc?id=10307458 _zAn electronic book accessible through the World Wide Web; click to view |
| 999 |
_c61168 _d61168 |
||